Every Single Piranha Plant Species Ever - Statistics

General Stats
  • This quiz has been taken 60 times
  • The average score is 22 of 68
Answer Stats
Date Game Description Answer % Correct
1988 Super Mario Bros. 3 Hangs upside down from pipes Hanging {Piranha} {Plant}
100%
2004 Paper Mario: The Thousand Year Door The strongest species of Piranha Plant found only in the Pit of 100 Trials Killer {Piranha} {Plant}
100%
2020 Paper Mario: The Origami King Origami version of a standard piranha Origami {Piranha} {Plant}
100%
1985 Super Mario Bros. The classic Piranha Plant
100%
1986 Super Mario Bros.: The Lost Levels Faster variation of the classic Red {Piranha} {Plant}
100%
1988 Super Mario Bros. 3 Shoots fireballs at Mario and friends Fire Piranha Plant
79%
2015 Mario & Luigi: Paper Jam Fire-breathing Piranhas hailing from the paper-verse Paper {Fire} {Piranha} {Plant}
79%
2015 Mario & Luigi: Paper Jam Paper version of the most popular boss piranha Paper {Petey} {Piranha}
72%
2001 Super Mario Sunshine A specific Piranha Plant often spotted go-karting or playing soccer Petey Piranha
72%
1988 Super Mario Bros. 3 Black, stationary plant that is invulnerable to most attacks Muncher
63%
2017 Super Mario Odyssey Shoots balls of poison on the ground Poison Piranha Plant
63%
1988 Super Mario Bros. 3 An overgrown variant of the classic Big Piranha Plant
53%
2007 Super Mario Galaxy Large, dinosaur-like piranhas that hatch from eggs Dino Piranha
53%
2020 Paper Mario: The Origami King Origami plant which uses a spiked ball as its primary weapon. The ball’s origami too! Origami {Ptooie}
53%
1988 Super Mario Bros. 3 Blows a spiked ball in the air Ptooie
53%
2012 New Super Mario Bros. U Fires a small ice ball at its prey Ice Piranha Plant
49%
1988 Super Mario Bros. 3 Same as above but shoots fire Fire Nipper Plant
44%
1990 Super Mario World Same as above but shoots fire Jumping Fire Piranha Plant
44%
1990 Super Mario World Capable of leaping straight up to catch its prey Jumping Piranha Plant
44%
1988 Super Mario Bros. 3 A white plant that jumps when its prey passes overhead Nipper Plant
44%
2020 Paper Mario: The Origami King Shoots fireballs and jumps around Origami {Jumping} {Piranha} {Plant}
44%
2020 Paper Mario: The Origami King Walks up to Mario and bites him Origami {Nipper} {Plant}
44%
2010 Super Mario Galaxy 2 A large, baby Piranha which uses its egg to protect itself Peewee Piranha
42%
2012 New Super Mario Bros. 2 Undead plant that is disturbingly skeletal Bone Piranha Plant
40%
2007 Super Mario Galaxy The above but with fire properties Fiery Dino Piranha
40%
2012 New Super Mario Bros. 2 Piranha Plant under the effect of the Gold Ring Gold Piranha Plant
37%
1996 Super Mario 64 A tiny variant of Piranha Plant found on the Huge island Small Piranha
37%
2000 Paper Mario Piranha Plant capable of living in lava Lava Piranha Plant
35%
2021 Bowser’s Fury A Piranha Plant native to Lake Lapcat Cat Piranha Plant
33%
2013 Super Mario 3D World Using their long, spiky stems they creep around the jungle Piranha Creeper
33%
2007 Super Mario Galaxy Attacks by slamming its giant head into the ground Spiny Piranha Plant
26%
2000 Paper Mario Shoots icy breath and has a freezing bite Frost Piranha
23%
2011 Super Mario 3D Land Shoots ink to obscure their enemy’s view Inky Piranha Plant
23%
2016 Paper Mario: Color Splash Not to be confused with a teabag or the similarly-named boss piranha Petea Piranha
23%
2003 Mario & Luigi: Superstar Saga Piranha Plant native to the Beanbean Kingdom, loves eating Bean Fruits Piranha Bean
21%
2017 Mario & Luigi: Superstar Saga + Bowser’s Minions A fire-breathing, neck-stretching Piranha Plant Fire Stalking Piranha Plant
19%
2009 New Super Mario Bros. Wii Stretches their neck up to attack high up enemies Stalking Piranha Plant
19%
2001 Super Mario Sunshine Rolling Piranha Plant heads Piranhabon
16%
2009 New Super Mario Bros. Wii Water-dwelling plants that blow green, spiked balls River Piranha Plant
16%
1995 Yoshi’s Island Enlarged by Kamek’s magic, its weak spot is its bellybutton Naval Piranha
14%
1995 Yoshi’s Island Spores slowly descending to the ground, when they land they grow into a plant Nipper Spore
14%
2017 Mario & Rabbids: Kingdom Battle A Piranha Plant / Rabbid hybrid Pirabbid Plant
14%
2010 Super Mario Galaxy 2 Its spikes prevent it from being jumped on, it can only be defeated using rubbery bulbs Prickly Piranha Plant
14%
2000 Paper Mario Sickly looking plant with poisonous breath Putrid Piranha
14%
2014 Mario Kart 8 Piranha Plants found dancing in the Electrodrome Raving Piranha Plant
14%
1991 Monster Mix-Up A mix between a Chain Chomp and a Muncher Chomp-Muncher
12%
2005 Mario and Luigi: Partners in Time Space-loving Piranhas that live in a large sphere of pipes Piranha Planet
12%
1997 Yoshi’s Story Despite having feet, it mostly stays in place; chomps at anything nearby Piranha Sprout
12%
2001 Super Mario Sunshine Icky, paint-like Piranha Plants that reveal architecture or shines when defeated Proto Piranha
12%
1996 Super Mario RPG The mature form of the above Megasmilax
9%
2003 Mario & Luigi: Superstar Saga Contrary to its name, this Piranha lives in an egg; it’s connected to its offspring and they take damage together Mom Piranha
9%
2006 Yoshi’s Island DS The above when enlarged by Kamek’s magic Big Bungee Piranha
7%
2006 Yoshi’s Island DS Hangs on ceilings, reaching down whenever Yoshi walk by Bungee Piranha
7%
2005 Mario and Luigi: Partners in Time The stems of these plants can extend up and down at will Elasto-Piranha
7%
2005 Super Princess Peach Dances around happily and spits fireballs Glad Piranha Plant
7%
2004 Paper Mario: The Thousand Year Door A monochrome plant found in Boggly Woods Pale Piranha
7%
1996 Super Mario RPG A spiked plant often found growing in groups of three Smilax
7%
1996 Super Mario RPG Using roots to walk around, it drains HP of its foes Chewy
5%
2005 Super Princess Peach It does a happy dance and throws balls in the air Glad Ptooie
5%
2020 Paper Mario: The Origami King Lurks in bushes, biting and shaking around anyone who reveals its hiding spot Paper Macho Piranha Plant
5%
1997 Yoshi’s Story Equipped with long tongues, they capture their prey Yoshi-style Piranha Pests
5%
2012 New Super Mario Bros. U Projectile thrown by Lakitus that plant a Piranha Plant Piranha Pods
5%
1995 Yoshi’s Island Patrols the air around platforms, often in pairs Propeller Piranha
5%
1995 Yoshi’s Island Shoots Pokeys at Yoshis, takes three egg throws to defeat Wild Ptooie Piranha
5%
2006 Yoshi’s Island DS Smaller version of above (x2) summoned during above’s (x1) boss battle Bungee Bud
2%
2009 Mario & Luigi: Bowser’s Inside Story Not to confused with actual organs, these heart-shaped Piranhas live inside Bowser Piranha Plorp
2%
2006 Yoshi’s Island DS Ghost-like Piranha Plants Polterpiranha
2%
2005 Super Princess Peach This plant attacks foes without a thought since it’s so sad Sad Nipper Plant
2%
No matching quizzes found
Score Distribution
Percent of People with Each Score
Percentile by Number Answered
Your Score History
You have not taken this quiz